| 000 | 00918cam a2200229 4500 | ||
|---|---|---|---|
| 001 | 5986 | ||
| 005 | 20181127180701.0 | ||
| 010 | _a 2015513779 | ||
| 020 | _a9781869797263 | ||
| 100 | 1 |
_aIhimaera, Witi, _d1944- _e |
|
| 245 | 1 | 0 |
_aMaori boy : _ba memoir of childhood / _cWiti Ihimaera. |
| 264 | 1 |
_aAuckland, New Zealand : _bVintage, _c2014. |
|
| 300 |
_a382 pages, 32 unnumbered pages of plates : _bblack & white illustrations ; _c24 cm |
||
| 336 |
_atext _2rdacontent |
||
| 337 |
_aunmediated _2rdamedia |
||
| 338 |
_avolume _2rdacarrier |
||
| 500 | _a""This is Witi Ihimaera's enthralling memoir, packed with stories of the formative years of this much-loved writer."" | ||
| 600 | 1 | 0 |
_aIhimaera, Witi, _d1944- _xChildhood and youth. |
| 650 |
_aMaori (New Zealand people) -- Biography. _v _x _y _z _2 |
||
| 650 | 0 |
_aAuthors, New Zealand _y20th century _vBiography. |
|
| 650 | 0 |
_aAuthors, New Zealand _y21st century _vBiography. |
|
| 999 |
_c5059 _d5059 |
||